ბათუმის შოთა რუსთაველის სახელმწიფო უნივერსიტეტის ბიბლიოთეკა

Жилые ансамбли древней Ольвии : (ბიბ.ჩანაწერი № 61433)

000 -LEADER
fixed length control field 00854nam a22001697a 4500
005 - DATE AND TIME OF LATEST TRANSACTION
control field 20240313114401.0
008 - FIXED-LENGTH DATA ELEMENTS--GENERAL INFORMATION
fixed length control field 240313s1971 ru ||||| |||| 00| 0 rus d
041 ## - LANGUAGE CODE
Language code of text/sound track or separate title rus
080 ## - UNIVERSAL DECIMAL CLASSIFICATION NUMBER
Universal Decimal Classification number 902.6 K-85
100 ## - MAIN ENTRY--PERSONAL NAME
Personal name Крыжицкий, С. Д.
9 (RLIN) 21408
245 ## - TITLE STATEMENT
Title Жилые ансамбли древней Ольвии :
Remainder of title IV-II вв. До Н.Э. /
Statement of responsibility, etc. С.Д. Крыжицкий; Ответственный редактор Л.М. Славин; Академия наук Украинской ССР. Институт археологии.
264 ## - PRODUCTION, PUBLICATION, DISTRIBUTION, MANUFACTURE, AND COPYRIGHT NOTICE
Place of production, publication, distribution, manufacture Киев :
Name of producer, publisher, distributor, manufacturer Наукова Думка,
Date of production, publication, distribution, manufacture, or copyright notice 1971.
300 ## - PHYSICAL DESCRIPTION
Extent 144 с. :
Other physical details ил., схемы ;
Dimensions 27 см.
653 ## - INDEX TERM--UNCONTROLLED
keyword საცხოვრებელი სახლები ოლვიაში
700 ## - ADDED ENTRY--PERSONAL NAME
Personal name Славин, Л.М.,
Relator term რედაქტორი
9 (RLIN) 21409
942 ## - ADDED ENTRY ELEMENTS (KOHA)
Source of classification or shelving scheme
Koha item type წიგნი
ეგზემპლარები
Withdrawn status Lost status Source of classification or shelving scheme Damaged status Not for loan Permanent Location Current Location Shelving location Date acquired Source of acquisition Cost, normal purchase price Full call number Barcode Date last seen Copy number Uniform Resource Identifier Price effective from Koha item type Public note
          ბათუმის შოთა რუსთაველის სახელმწიფო უნივერსიტეტის მთავარი ბიბლიოთეკა ბათუმის შოთა რუსთაველის სახელმწიფო უნივერსიტეტის მთავარი ბიბლიოთეკა წიგნსაცავი 2024-03-13 7.00 902.6 K-85 65776 2024-03-13 65776 ბსუ-ს საპატიო დოქტორის გურამ ლორთქიფანიძის საჩუქარი 2024-03-13 წიგნი 7 ლ.